[Event "Speed Chess GP3"]
[Site "Chess.com INT"]
[Date "2021.10.02"]
[Round "10"]
[White "Zhigalko, Sergei"]
[Black "Ibarra Jerez, Jose Carlos"]
[Result "1-0"]
[WhiteElo "2572"]
[BlackElo "2558"]
[PlyCount "55"]
[EventDate "2021.10.02"]
[EventType "swiss (blitz)"]
[EventRounds "10"]
[EventCountry "USA"]
[SourceTitle "CBM 204 Extra"]
[Source "ChessBase"]
[SourceDate "2022.09.12"]
[SourceVersion "1"]
[SourceVersionDate "2022.09.12"]
[SourceQuality "1"]

1. e4 e6 2. d4 c5 3. c3 Nf6 4. e5 Nd5 5. Nf3 cxd4 6. cxd4 d6 7. Bc4 Nc6 8. O-O Be7 9. Bd2 O-O 10. Nc3 Nxc3 11. Bxc3 dxe5 12. dxe5 Qc7 13. a3 Rd8 14. Qe2 b6 15. Bd3 Bb7 16. Rac1 Rac8 17. h4 Qb8 18. Rfe1 g6 19. h5 Na5 20. Nd4 Rxd4 21. Bxd4 Rxc1 22. Rxc1 Nb3 23. Rc4 b5 24. Bxa7 Qxa7 25. Rc7 Bf8 26. hxg6 hxg6 27. Bxg6 fxg6 28. Qg4 1-0

[Event "Speed Chess GP4"]
[Site "Chess.com INT"]
[Date "2021.10.09"]
[Round "1"]
[White "Wagner, Dinara"]
[Black "Zhigalko, Sergei"]
[Result "1/2-1/2"]
[WhiteElo "2327"]
[BlackElo "2572"]
[PlyCount "136"]
[EventDate "2021.10.09"]
[EventType "swiss (blitz)"]
[EventRounds "10"]
[EventCountry "USA"]
[SourceTitle "CBM 204 Extra"]
[Source "ChessBase"]
[SourceDate "2022.09.12"]
[SourceVersion "1"]
[SourceVersionDate "2022.09.12"]
[SourceQuality "1"]

1. d4 Nf6 2. c4 e6 3. Nf3 b6 4. a3 Bb7 5. Nc3 d5 6. cxd5 Nxd5 7. Qc2 Be7 8. e4 Nxc3 9. bxc3 c5 10. Bb5+ Bc6 11. Bd3 Nd7 12. O-O O-O 13. Bf4 h6 14. h3 Bb7 15. Qe2 Rc8 16. Rfd1 cxd4 17. cxd4 Rc3 18. a4 Qa8 19. a5 Rxd3 20. Rxd3 Bxe4 21. Re3 Bd5 22. axb6 Nxb6 23. Ne5 Kh7 24. Rg3 Be4 25. Qh5 Qd5 26. Re1 Bf6 27. Qe2 Bf5 28. Ra3 Qxd4 29. Bh2 Nd5 30. g4 Bg6 31. Nxg6 fxg6 32. Rd3 Qc4 33. Bg3 Bg5 34. Ra3 Qc5 35. Rf3 Re8 36. Rf7 Bf6 37. Rb7 a5 38. Qb5 Qxb5 39. Rxb5 Ra8 40. Be5 Nc3 41. Bxc3 Bxc3 42. Rxe6 a4 43. Rc6 Bf6 44. Rcc5 a3 45. Ra5 Rxa5 46. Rxa5 Bb2 47. Kg2 g5 48. Kf3 Kg6 49. Ke4 Kf6 50. Kd5 Ke7 51. Ra6 Kf7 52. Ke4 Ke7 53. Kf5 Kd7 54. Kg6 Kc7 55. Kf5 Kb7 56. Ra4 Kc6 57. Kg6 Kb5 58. Rxa3 Bxa3 59. Kxg7 Kc4 60. Kxh6 Be7 61. Kg6 Kd3 62. Kf5 Kd4 63. f4 gxf4 64. Kxf4 Kd5 65. g5 Ke6 66. g6 Kf6 67. h4 Kxg6 68. h5+ Kxh5 1/2-1/2

[Event "Speed Chess GP4"]
[Site "Chess.com INT"]
[Date "2021.10.09"]
[Round "2"]
[White "Zhigalko, Sergei"]
[Black "Popilski, Gil"]
[Result "0-1"]
[WhiteElo "2572"]
[BlackElo "2464"]
[PlyCount "112"]
[EventDate "2021.10.09"]
[EventType "swiss (blitz)"]
[EventRounds "10"]
[EventCountry "USA"]
[SourceTitle "CBM 204 Extra"]
[Source "ChessBase"]
[SourceDate "2022.09.12"]
[SourceVersion "1"]
[SourceVersionDate "2022.09.12"]
[SourceQuality "1"]

1. e4 c5 2. Nf3 d6 3. d4 cxd4 4. Qxd4 Nf6 5. Nc3 a6 6. Bc4 Nc6 7. Qd3 Bg4 8. Bb3 e6 9. Bf4 Nd7 10. O-O-O Nc5 11. Qe3 Nxb3+ 12. axb3 Qa5 13. Kb1 Rd8 14. h3 Bh5 15. Rd2 Be7 16. Rhd1 e5 17. Bg5 Bxf3 18. gxf3 f6 19. Bh4 g5 20. Bg3 Nb4 21. Rd5 b5 22. Qa7 Rd7 23. Rxb5 Qxb5 24. Nxb5 Rxa7 25. Nxa7 Kd7 26. c3 Ra8 27. cxb4 Rxa7 28. Kc2 Kc6 29. Rd5 Rb7 30. Kc3 Rb5 31. Rd1 d5 32. exd5+ Rxd5 33. Ra1 Kb6 34. h4 h6 35. hxg5 hxg5 36. Rh1 Rd4 37. Rh6 Bxb4+ 38. Kc2 Rd6 39. Rh8 Rd2+ 40. Kb1 Rd5 41. Rh6 Rd6 42. Rh8 a5 43. Rc8 Kb5 44. Ka2 Rc6 45. Rd8 Kc5 46. Rd1 Rd6 47. Rc1+ Kd5 48. Rc4 Ke6 49. f4 gxf4 50. Bxf4 exf4 51. Rxf4 Ke5 52. Rc4 f5 53. f4+ Ke6 54. Rxb4 axb4 55. Kb1 Rd4 56. Kc2 Rxf4 0-1

[Event "Speed Chess GP4"]
[Site "Chess.com INT"]
[Date "2021.10.09"]
[Round "3"]
[White "Zhigalko, Sergei"]
[Black "Zaichenko, Daria"]
[Result "1-0"]
[WhiteElo "2572"]
[BlackElo "2104"]
[PlyCount "51"]
[EventDate "2021.10.09"]
[EventType "swiss (blitz)"]
[EventRounds "10"]
[EventCountry "USA"]
[SourceTitle "CBM 204 Extra"]
[Source "ChessBase"]
[SourceDate "2022.09.12"]
[SourceVersion "1"]
[SourceVersionDate "2022.09.12"]
[SourceQuality "1"]

1. e4 c5 2. Nf3 Nc6 3. c3 d6 4. d4 cxd4 5. cxd4 e6 6. Nc3 Nf6 7. Bd3 Be7 8. O-O O-O 9. h3 h6 10. Re1 Nd7 11. Be3 Nb6 12. Rc1 Bd7 13. e5 d5 14. Bb1 Rc8 15. Qd3 g6 16. Bxh6 Re8 17. Qe3 Bf8 18. h4 Ne7 19. Bg5 Qc7 20. h5 Nc4 21. Qf4 Nf5 22. g4 Ne7 23. Bf6 Bg7 24. Bxg7 Kxg7 25. h6+ Kg8 26. Qf6 1-0

[Event "Speed Chess GP4"]
[Site "Chess.com INT"]
[Date "2021.10.09"]
[Round "4"]
[White "Tanenbaum, Zachary Chen"]
[Black "Zhigalko, Sergei"]
[Result "1-0"]
[WhiteElo "2135"]
[BlackElo "2572"]
[PlyCount "75"]
[EventDate "2021.10.09"]
[EventType "swiss (blitz)"]
[EventRounds "10"]
[EventCountry "USA"]
[SourceTitle "CBM 204 Extra"]
[Source "ChessBase"]
[SourceDate "2022.09.12"]
[SourceVersion "1"]
[SourceVersionDate "2022.09.12"]
[SourceQuality "1"]

1. e4 c5 2. Nf3 Nc6 3. Nc3 Nf6 4. Bb5 Qc7 5. O-O Nd4 6. Re1 a6 7. Bf1 Ng4 8. g3 Nxf3+ 9. Qxf3 Ne5 10. Qd1 e6 11. d3 d6 12. f4 Nc6 13. Be3 Be7 14. Bg2 O-O 15. g4 b5 16. g5 b4 17. Nb1 f6 18. Nd2 fxg5 19. fxg5 Ne5 20. Qh5 Bd7 21. Rf1 a5 22. Bf4 a4 23. Bxe5 dxe5 24. Nc4 Bb5 25. g6 hxg6 26. Qxe5 Qxe5 27. Nxe5 Bf6 28. Nxg6 Bd4+ 29. Kh1 Rxf1+ 30. Rxf1 Bxb2 31. Rf4 Re8 32. e5 Bd4 33. Be4 Bc3 34. Rh4 c4 35. dxc4 Ba6 36. Rf4 a3 37. Bc6 Rb8 38. Ne7+ 1-0

[Event "Speed Chess GP4"]
[Site "Chess.com INT"]
[Date "2021.10.09"]
[Round "5"]
[White "Zhigalko, Sergei"]
[Black "Myradow, Soltan"]
[Result "1-0"]
[WhiteElo "2572"]
[BlackElo "2233"]
[PlyCount "93"]
[EventDate "2021.10.09"]
[EventType "swiss (blitz)"]
[EventRounds "10"]
[EventCountry "USA"]
[SourceTitle "CBM 204 Extra"]
[Source "ChessBase"]
[SourceDate "2022.09.12"]
[SourceVersion "1"]
[SourceVersionDate "2022.09.12"]
[SourceQuality "1"]

1. e4 e5 2. Nf3 Nf6 3. d4 Nxe4 4. Bd3 d5 5. Nxe5 Nd7 6. Nxd7 Bxd7 7. O-O Be7 8. Re1 Nf6 9. Bf4 Rc8 10. Qe2 Be6 11. Nd2 O-O 12. Nf3 Re8 13. Ng5 Bg4 14. Bxh7+ Nxh7 15. Qxg4 Nxg5 16. Bxg5 Bxg5 17. Rxe8+ Qxe8 18. Qxg5 Qe4 19. c3 Re8 20. h3 Qc2 21. Qc1 Re2 22. Qxc2 Rxc2 23. Rb1 g5 24. g4 Kg7 25. a4 f5 26. Kg2 f4 27. Re1 Kf6 28. Re5 c6 29. Rf5+ Kg6 30. h4 gxh4 31. Rxf4 Kg5 32. Rf7 Kxg4 33. Rg7+ Kf4 34. Rxb7 a5 35. Rb8 Ke4 36. Re8+ Kd3 37. Ra8 Rxb2 38. Rxa5 h3+ 39. Kg3 h2 40. Kg2 h1=Q+ 41. Kxh1 Rxf2 42. Rc5 Ra2 43. a5 Ra4 44. Kg2 Ra2+ 45. Kf3 Ra1 46. Kf4 Rf1+ 47. Ke5 1-0

[Event "Speed Chess GP4"]
[Site "Chess.com INT"]
[Date "2021.10.09"]
[Round "6"]
[White "Bobkov, Vadim"]
[Black "Zhigalko, Sergei"]
[Result "0-1"]
[WhiteElo "2296"]
[BlackElo "2572"]
[PlyCount "60"]
[EventDate "2021.10.09"]
[EventType "swiss (blitz)"]
[EventRounds "10"]
[EventCountry "USA"]
[SourceTitle "CBM 204 Extra"]
[Source "ChessBase"]
[SourceDate "2022.09.12"]
[SourceVersion "1"]
[SourceVersionDate "2022.09.12"]
[SourceQuality "1"]

1. d4 Nf6 2. c4 e6 3. Nc3 Bb4 4. f3 d5 5. a3 Be7 6. e4 dxe4 7. fxe4 e5 8. d5 O-O 9. Nf3 Bg4 10. Bd3 Nbd7 11. h3 Bxf3 12. Qxf3 a5 13. Be3 Ne8 14. O-O Bc5 15. Bxc5 Nxc5 16. b4 Nb3 17. Rad1 axb4 18. axb4 Qg5 19. c5 Nd2 20. Qf2 Nxf1 21. Bxf1 Nf6 22. Qf3 Ra3 23. Rd3 h5 24. Nb5 Rxd3 25. Qxd3 Rc8 26. d6 cxd6 27. Nxd6 Rc7 28. Qd1 h4 29. Bb5 Qe3+ 30. Kh1 g6 0-1

[Event "Speed Chess GP4"]
[Site "Chess.com INT"]
[Date "2021.10.09"]
[Round "7"]
[White "Zhigalko, Sergei"]
[Black "Tregubov, Pavel V"]
[Result "1-0"]
[WhiteElo "2572"]
[BlackElo "2546"]
[PlyCount "37"]
[EventDate "2021.10.09"]
[EventType "swiss (blitz)"]
[EventRounds "10"]
[EventCountry "USA"]
[SourceTitle "CBM 204 Extra"]
[Source "ChessBase"]
[SourceDate "2022.09.12"]
[SourceVersion "1"]
[SourceVersionDate "2022.09.12"]
[SourceQuality "1"]

1. e4 c5 2. Nf3 e6 3. c3 d5 4. e5 Nc6 5. d4 Qb6 6. a3 Bd7 7. b4 cxd4 8. cxd4 Rc8 9. Bb2 Nh6 10. Nc3 Na5 11. Na4 Qc6 12. Nc5 Nc4 13. Bc1 Nf5 14. Bd3 Be7 15. O-O b6 16. Nxd7 Qxd7 17. g4 Nh6 18. h3 f5 19. exf6 1-0

[Event "Speed Chess GP4"]
[Site "Chess.com INT"]
[Date "2021.10.09"]
[Round "8"]
[White "Zhigalko, Sergei"]
[Black "Abdusattorov, Nodirbek"]
[Result "0-1"]
[WhiteElo "2572"]
[BlackElo "2646"]
[PlyCount "64"]
[EventDate "2021.10.09"]
[EventType "swiss (blitz)"]
[EventRounds "10"]
[EventCountry "USA"]
[SourceTitle "CBM 204 Extra"]
[Source "ChessBase"]
[SourceDate "2022.09.12"]
[SourceVersion "1"]
[SourceVersionDate "2022.09.12"]
[SourceQuality "1"]

1. e4 e6 2. d4 d5 3. e5 c5 4. c3 Nc6 5. Nf3 Qb6 6. a3 Bd7 7. b4 cxd4 8. cxd4 Rc8 9. Bb2 Na5 10. Nbd2 Nc4 11. Nxc4 dxc4 12. Rc1 Qa6 13. d5 exd5 14. Qxd5 Ne7 15. Qd2 b5 16. Nd4 Nf5 17. Be2 Be7 18. O-O O-O 19. Bg4 Qg6 20. Bxf5 Bxf5 21. Qe3 Bd3 22. Rfe1 a6 23. e6 Bg5 24. f4 Bf6 25. Qf2 fxe6 26. Rxe6 Rfe8 27. f5 Qg5 28. Rce1 Rxe6 29. fxe6 c3 30. Bc1 Qd5 31. Nf3 Re8 32. Qb6 Be4 0-1

[Event "Speed Chess GP4"]
[Site "Chess.com INT"]
[Date "2021.10.09"]
[Round "9"]
[White "Shimelkov, Vasiliy"]
[Black "Zhigalko, Sergei"]
[Result "0-1"]
[WhiteElo "2159"]
[BlackElo "2572"]
[PlyCount "84"]
[EventDate "2021.10.09"]
[EventType "swiss (blitz)"]
[EventRounds "10"]
[EventCountry "USA"]
[SourceTitle "CBM 204 Extra"]
[Source "ChessBase"]
[SourceDate "2022.09.12"]
[SourceVersion "1"]
[SourceVersionDate "2022.09.12"]
[SourceQuality "1"]

1. d4 Nf6 2. c4 e6 3. Nf3 b6 4. g3 Ba6 5. Qc2 Bb4+ 6. Bd2 Be7 7. Bg2 c6 8. O-O d5 9. Ne5 Nfd7 10. Nxd7 Nxd7 11. b3 O-O 12. Bf4 Rc8 13. Nd2 c5 14. Be3 Bf6 15. Nf3 dxc4 16. bxc4 cxd4 17. Bxd4 Rxc4 18. Qd2 Nc5 19. Rfd1 h6 20. Qe3 Bxd4 21. Nxd4 Qf6 22. Rac1 Rd8 23. Nc6 Rxd1+ 24. Rxd1 Rc3 25. Qd2 Ra3 26. Nxa7 Bxe2 27. Qxe2 Rxa7 28. h3 g6 29. Rb1 Ra6 30. Qc2 Kg7 31. Bf1 Ra3 32. Rxb6 Qd4 33. Kg2 Qd5+ 34. Kg1 Rxa2 35. Qc1 Qd4 36. Qf4 Qxf4 37. gxf4 Ne4 38. f3 Nf6 39. Bc4 Ra4 40. Bb3 Rxf4 41. Kf2 Nh5 42. Rb7 Kg8 0-1

[Event "Speed Chess GP4"]
[Site "Chess.com INT"]
[Date "2021.10.09"]
[Round "10"]
[White "Yoo, Christopher Woojin"]
[Black "Zhigalko, Sergei"]
[Result "1-0"]
[WhiteElo "2485"]
[BlackElo "2572"]
[PlyCount "79"]
[EventDate "2021.10.09"]
[EventType "swiss (blitz)"]
[EventRounds "10"]
[EventCountry "USA"]
[SourceTitle "CBM 204 Extra"]
[Source "ChessBase"]
[SourceDate "2022.09.12"]
[SourceVersion "1"]
[SourceVersionDate "2022.09.12"]
[SourceQuality "1"]

1. d4 Nf6 2. c4 e6 3. Nc3 Bb4 4. Qb3 a5 5. a3 Bxc3+ 6. Qxc3 O-O 7. Bg5 d6 8. e3 Nbd7 9. Bd3 b6 10. Ne2 Bb7 11. f3 c5 12. O-O Qc7 13. Rfd1 Rfc8 14. Rac1 h6 15. Bh4 Bc6 16. e4 cxd4 17. Nxd4 Qb7 18. Be2 Ne8 19. Bg3 Qa7 20. Rd2 Rc7 21. b4 Ba4 22. Bd1 axb4 23. axb4 b5 24. c5 e5 25. Nf5 dxc5 26. Bf2 Bxd1 27. Rcxd1 cxb4 28. Qxb4 Qb7 29. Ne7+ Kh7 30. Nd5 Rc4 31. Qe7 Kg8 32. Ne3 Rc7 33. Rxd7 Rxd7 34. Rxd7 Ra1+ 35. Nf1 Qc8 36. Qxf7+ Kh7 37. Qf5+ Kh8 38. Qf8+ Kh7 39. Rxg7+ Nxg7 40. Qxc8 1-0

[Event "Titled Tuesday intern op 12th Oct"]
[Site "Chess.com INT"]
[Date "2021.10.12"]
[Round "4"]
[White "Grieve, Harry"]
[Black "Zhigalko, Sergei"]
[Result "0-1"]
[WhiteElo "2320"]
[BlackElo "2572"]
[PlyCount "62"]
[EventDate "2021.10.12"]
[EventType "swiss (blitz)"]
[EventRounds "11"]
[EventCountry "USA"]
[SourceTitle "EXT 2023"]
[Source "ChessBase"]
[SourceDate "2022.10.05"]
[SourceVersion "1"]
[SourceVersionDate "2022.10.05"]
[SourceQuality "1"]

1. e4 c5 2. Nc3 Nc6 3. Bb5 Nd4 4. Nf3 e6 5. O-O a6 6. Bd3 Nxf3+ 7. Qxf3 Bd6 8. b3 Qc7 9. Qh3 Ne7 10. Bb2 Be5 11. Rae1 b5 12. Kh1 Ng6 13. g3 Bb7 14. f4 Bd4 15. Nd1 Bxb2 16. Nxb2 Qa5 17. a4 Qxd2 18. Re2 Qb4 19. Rb1 O-O 20. Kg1 Qd4+ 21. Kf1 Bc6 22. axb5 axb5 23. Qg2 Ra2 24. c4 Rxb2 25. Rbxb2 Qxd3 26. Rbd2 Qxb3 27. Rc2 bxc4 28. h4 f5 29. h5 Ne7 30. Qf2 Bxe4 31. Rc1 Bd3 0-1

[Event "Titled Tuesday intern op 19th Oct"]
[Site "Chess.com INT"]
[Date "2021.10.19"]
[Round "6"]
[White "Jobava, Baadur"]
[Black "Zhigalko, Sergei"]
[Result "1/2-1/2"]
[WhiteElo "2582"]
[BlackElo "2572"]
[PlyCount "70"]
[EventDate "2021.10.19"]
[EventType "swiss (blitz)"]
[EventRounds "11"]
[EventCountry "USA"]
[SourceTitle "CBM 204 Extra"]
[Source "ChessBase"]
[SourceDate "2022.09.12"]
[SourceVersion "1"]
[SourceVersionDate "2022.09.12"]
[SourceQuality "1"]

1. d4 Nf6 2. c4 e6 3. Nc3 Bb4 4. e3 O-O 5. Nge2 d5 6. a3 Be7 7. cxd5 exd5 8. Ng3 a5 9. Bd3 Re8 10. O-O Bf8 11. Bd2 g6 12. Rc1 c6 13. e4 dxe4 14. Ncxe4 Nbd7 15. Re1 Bg7 16. Qf3 Nd5 17. Bg5 f6 18. Bd2 Nf8 19. Bc4 Be6 20. Nc5 Bf7 21. Rxe8 Qxe8 22. Nxb7 Qb8 23. Nxa5 Qxb2 24. Rd1 Qb6 25. Ne4 Rxa5 26. Bxa5 Qxa5 27. Bxd5 Bxd5 28. Nxf6+ Bxf6 29. Qxf6 Qxa3 30. h3 Qa7 31. Re1 Qf7 32. Qd8 Qd7 33. Qf6 Qf7 34. Qd8 Qd7 35. Qf6 Qf7 1/2-1/2

[Event "Titled Tuesday intern op 26th Oct"]
[Site "Chess.com INT"]
[Date "2021.10.26"]
[Round "5"]
[White "Nechaeva, Marina"]
[Black "Zhigalko, Sergei"]
[Result "0-1"]
[WhiteElo "2394"]
[BlackElo "2572"]
[PlyCount "56"]
[EventDate "2021.10.26"]
[EventType "swiss (blitz)"]
[EventRounds "11"]
[EventCountry "USA"]
[SourceTitle "CBM 204 Extra"]
[Source "ChessBase"]
[SourceDate "2022.09.12"]
[SourceVersion "1"]
[SourceVersionDate "2022.09.12"]
[SourceQuality "1"]

1. d4 Nf6 2. c4 e6 3. Nf3 b6 4. a3 Ba6 5. Qc2 Bb7 6. Nc3 c5 7. e4 cxd4 8. Nxd4 Nc6 9. Nxc6 Bxc6 10. e5 Ng4 11. Bf4 Bc5 12. Bg3 f6 13. Qe2 Nxe5 14. Bxe5 fxe5 15. Qh5+ g6 16. Qxe5 O-O 17. f3 Rf5 18. Qg3 Qf6 19. Bd3 Rg5 20. Qh3 Rh5 21. Qg4 Rg5 22. Qh3 Bd4 23. O-O-O Bxc3 24. bxc3 Qxc3+ 25. Kb1 Qb3+ 26. Kc1 Qc3+ 27. Kb1 Ra5 28. Bc2 Rxa3 0-1

[Event "Titled Tuesday intern op 26th Oct"]
[Site "Chess.com INT"]
[Date "2021.10.26"]
[Round "6"]
[White "Zhigalko, Sergei"]
[Black "Derjabin, Ilja"]
[Result "1-0"]
[WhiteElo "2572"]
[BlackElo "2353"]
[PlyCount "45"]
[EventDate "2021.10.26"]
[EventType "swiss (blitz)"]
[EventRounds "11"]
[EventCountry "USA"]
[SourceTitle "CBM 204 Extra"]
[Source "ChessBase"]
[SourceDate "2022.09.12"]
[SourceVersion "1"]
[SourceVersionDate "2022.09.12"]
[SourceQuality "1"]

1. e4 e6 2. d4 d5 3. e5 c5 4. c3 Qa5 5. Nf3 cxd4 6. Qxd4 Nc6 7. Qf4 Nge7 8. Bd3 Ng6 9. Qg3 d4 10. Bxg6 hxg6 11. O-O d3 12. Rd1 Qd5 13. Bg5 b6 14. Nbd2 Ne7 15. c4 Qb7 16. Qf4 Nf5 17. Ne4 Bd7 18. Rxd3 Bc6 19. Rad1 Be7 20. Bxe7 Bxe4 21. Rd8+ Kxe7 22. Qxe4 Qc7 23. Rxa8 1-0

[Event "Titled Tuesday intern op 26th Oct"]
[Site "Chess.com INT"]
[Date "2021.10.26"]
[Round "8"]
[White "Garcia Blanco, Omar"]
[Black "Zhigalko, Sergei"]
[Result "0-1"]
[WhiteElo "2351"]
[BlackElo "2572"]
[PlyCount "132"]
[EventDate "2021.10.26"]
[EventType "swiss (blitz)"]
[EventRounds "11"]
[EventCountry "USA"]
[SourceTitle "CBM 204 Extra"]
[Source "ChessBase"]
[SourceDate "2022.09.12"]
[SourceVersion "1"]
[SourceVersionDate "2022.09.12"]
[SourceQuality "1"]

1. e4 c5 2. c3 Nf6 3. e5 Nd5 4. d4 cxd4 5. Nf3 Nc6 6. cxd4 d6 7. Bc4 Nb6 8. Bb5 d5 9. Nh4 e6 10. Nf3 Be7 11. O-O Bd7 12. Nc3 Rc8 13. Re1 a6 14. Bd3 Na7 15. a4 Nc6 16. Bf4 Nb4 17. Bb1 Nc4 18. Qe2 Qb6 19. h4 Nc6 20. Ba2 Nxd4 21. Nxd4 Qxd4 22. g3 O-O 23. h5 Rc7 24. Rad1 Qb6 25. Bc1 Rfc8 26. Bb1 Be8 27. Qd3 g6 28. hxg6 hxg6 29. Qe2 Bb4 30. Kg2 Bxc3 31. bxc3 Qxb1 32. Rd4 Qf5 33. Rf4 Qxe5 34. Qd1 Qxc3 35. Rh1 g5 36. Rg4 f6 37. Bxg5 fxg5 38. Rxg5+ Rg7 39. Qg4 Bd7 40. Qh4 Ne3+ 41. fxe3 Qc2+ 42. Kh3 e5+ 43. g4 Rf8 44. Rxg7+ Kxg7 45. Qe7+ Rf7 46. Qxe5+ Kg8 47. Kg3 Rg7 48. Qxd5+ Kf8 49. Rh8+ Ke7 50. Qe5+ Kf7 51. Qd5+ Be6 52. Qxb7+ Kg6 53. Qf3 Qc7+ 54. Kg2 Qc2+ 55. Kg3 Qc7+ 56. Kg2 Qb7 57. e4 Qb2+ 58. Kg3 Qe5+ 59. Kg2 Rf7 60. Qe3 Qxh8 61. e5 Qg7 62. Qe4+ Kh6 63. Qe3+ Kh7 64. Qh3+ Kg8 65. Qe3 Qxg4+ 66. Kh2 Rh7+ 0-1

[Event "Titled Tuesday intern op 02nd Nov"]
[Site "Chess.com INT"]
[Date "2021.11.02"]
[Round "11"]
[White "Zubov, Alexander"]
[Black "Zhigalko, Sergei"]
[Result "1-0"]
[WhiteElo "2598"]
[BlackElo "2572"]
[PlyCount "59"]
[EventDate "2021.11.02"]
[EventType "swiss (blitz)"]
[EventRounds "11"]
[EventCountry "USA"]
[SourceTitle "CBM 205 Extra"]
[Source "ChessBase"]
[SourceDate "2022.01.31"]
[SourceVersion "1"]
[SourceVersionDate "2022.01.31"]
[SourceQuality "1"]

1. d4 Nf6 2. c4 e6 3. Nc3 Bb4 4. e3 O-O 5. Nge2 d5 6. a3 Be7 7. Ng3 c5 8. dxc5 Bxc5 9. b4 Be7 10. cxd5 exd5 11. Bd3 Nc6 12. Nce2 a5 13. b5 Ne5 14. Bb2 Nc4 15. Bc3 Be6 16. a4 Rc8 17. O-O Re8 18. Bd4 Nd7 19. Nf4 Bf8 20. Qh5 h6 21. Nxe6 Rxe6 22. Qxd5 Nde5 23. Qxd8 Rxd8 24. Rac1 Nxe3 25. Bxe3 Nxd3 26. Rfd1 Red6 27. Rc7 b6 28. Nf5 R6d7 29. Bxb6 Rd5 30. Ne3 1-0

[Event "Titled Tuesday intern op 09th Nov"]
[Site "Chess.com INT"]
[Date "2021.11.09"]
[Round "6"]
[White "Jary, Sergey"]
[Black "Zhigalko, Sergei"]
[Result "0-1"]
[WhiteElo "2275"]
[BlackElo "2572"]
[PlyCount "84"]
[EventDate "2021.11.09"]
[EventType "swiss (blitz)"]
[EventRounds "11"]
[EventCountry "USA"]
[SourceTitle "CBM 205 Extra"]
[Source "ChessBase"]
[SourceDate "2022.01.31"]
[SourceVersion "1"]
[SourceVersionDate "2022.01.31"]
[SourceQuality "1"]

1. e4 c5 2. Nf3 Nc6 3. b4 Nxb4 4. c3 Nc6 5. d4 d5 6. exd5 Qxd5 7. Na3 Bg4 8. Be2 cxd4 9. cxd4 Nf6 10. O-O e6 11. Nb5 Rc8 12. Nc3 Qa5 13. Bd2 Bb4 14. Qb3 Bxf3 15. Bxf3 Nxd4 16. Qb2 Nxf3+ 17. gxf3 Bxc3 18. Bxc3 Qxc3 19. Qxb7 O-O 20. Rac1 Qxc1 21. Rxc1 Rxc1+ 22. Kg2 a5 23. a4 Nd5 24. Qb5 Rcc8 25. h4 h5 26. Qxa5 Ra8 27. Qb5 Ra7 28. Kg3 Rfa8 29. f4 Rxa4 30. f5 R4a5 31. Qb7 exf5 32. f3 g6 33. Qc6 f4+ 34. Kh3 Ne3 35. Qe4 Ra4 36. Qe5 Nf5 37. Qb2 Ra1 38. Qf6 R1a3 39. Qc6 Rd8 40. Qf6 Rda8 41. Qc6 Nd4 42. Qe4 Nxf3 0-1

[Event "Titled Tuesday intern op 16th Nov"]
[Site "Chess.com INT"]
[Date "2021.11.16"]
[Round "11"]
[White "Garagulya, Konstantin"]
[Black "Zhigalko, Sergei"]
[Result "0-1"]
[WhiteElo "2389"]
[BlackElo "2572"]
[PlyCount "122"]
[EventDate "2021.11.16"]
[EventType "swiss (blitz)"]
[EventRounds "11"]
[EventCountry "USA"]
[SourceTitle "CBM 205 Extra"]
[Source "ChessBase"]
[SourceDate "2022.01.31"]
[SourceVersion "1"]
[SourceVersionDate "2022.01.31"]
[SourceQuality "1"]

1. d4 Nf6 2. Nf3 e6 3. Bg5 h6 4. Bh4 b6 5. Nbd2 Bb7 6. e3 Be7 7. Bd3 O-O 8. O-O d6 9. h3 Nh5 10. Bxe7 Qxe7 11. a4 a6 12. Re1 Nd7 13. c3 Rfd8 14. Be4 c6 15. Bd3 Nhf6 16. e4 e5 17. Qb3 Rab8 18. Qc2 Nf8 19. Nc4 exd4 20. Nxb6 dxc3 21. bxc3 Ng6 22. a5 Nd7 23. Rab1 Nf4 24. Nxd7 Qxd7 25. Bf1 c5 26. Rb6 d5 27. Bxa6 Bxa6 28. Rxa6 d4 29. cxd4 cxd4 30. Qd2 Qb5 31. Rb6 Rxb6 32. axb6 Ne6 33. Rd1 Qxb6 34. Qc2 Nf4 35. Qd2 g5 36. Kh2 d3 37. g3 Ne2 38. Kg2 Qc5 39. Ne1 Nc3 40. Rc1 Nxe4 41. Qb2 Qd5 42. Nf3 g4 43. hxg4 Ng5 44. Qf6 Re8 45. Rd1 Re6 46. Qf5 Qxf5 47. gxf5 Rd6 48. Nxg5 hxg5 49. Kf3 Kg7 50. Ke3 Kf6 51. Rxd3 Rxd3+ 52. Kxd3 Kxf5 53. Ke3 Kg4 54. Ke4 f6 55. Ke3 f5 56. Ke2 Kh3 57. Kf3 Kh2 58. Ke3 Kg2 59. Ke2 f4 60. gxf4 gxf4 61. Ke1 f3 0-1

[Event "Titled Tuesday intern op 23rd Nov"]
[Site "Chess.com INT"]
[Date "2021.11.23"]
[Round "1"]
[White "Zhigalko, Sergei"]
[Black "Kotliar, Mark"]
[Result "1-0"]
[WhiteElo "2572"]
[BlackElo "2300"]
[PlyCount "41"]
[EventDate "2021.11.23"]
[EventType "swiss (blitz)"]
[EventRounds "11"]
[EventCountry "USA"]
[SourceTitle "CBM 205 Extra"]
[Source "ChessBase"]
[SourceDate "2022.01.31"]
[SourceVersion "1"]
[SourceVersionDate "2022.01.31"]
[SourceQuality "1"]

1. e4 e5 2. Nf3 Nc6 3. Bc4 Be7 4. d4 d6 5. Nc3 Nf6 6. O-O O-O 7. h3 h6 8. Re1 Nh7 9. Nd5 Bf6 10. c3 Re8 11. a4 Nf8 12. a5 a6 13. Be3 Bd7 14. Qb3 Rb8 15. dxe5 Nxe5 16. Nxe5 Bxe5 17. Ba7 Ra8 18. Qxb7 Ne6 19. Rad1 Qg5 20. Be3 Qg6 21. Qxa8 1-0

[Event "Titled Tuesday intern op 23rd Nov"]
[Site "Chess.com INT"]
[Date "2021.11.23"]
[Round "2"]
[White "Nozdrachev, Leonid"]
[Black "Zhigalko, Sergei"]
[Result "0-1"]
[WhiteElo "2370"]
[BlackElo "2572"]
[PlyCount "62"]
[EventDate "2021.11.23"]
[EventType "swiss (blitz)"]
[EventRounds "11"]
[EventCountry "USA"]
[SourceTitle "CBM 205 Extra"]
[Source "ChessBase"]
[SourceDate "2022.01.31"]
[SourceVersion "1"]
[SourceVersionDate "2022.01.31"]
[SourceQuality "1"]

1. e4 c5 2. c3 Nf6 3. e5 Nd5 4. Nf3 Nc6 5. d4 cxd4 6. Bc4 Nb6 7. Bb3 g6 8. cxd4 Bg7 9. a4 d5 10. Nc3 Bg4 11. Be3 Na5 12. O-O Bxf3 13. gxf3 e6 14. Bc2 O-O 15. f4 Rc8 16. Qg4 Nbc4 17. Bc1 Qb6 18. f5 exf5 19. Qh4 Rfd8 20. Rb1 Nb3 21. Bxb3 Qxb3 22. Bg5 Rd7 23. Rfe1 Rc6 24. Bf6 Nd2 25. Qf4 Nxb1 26. e6 Rxe6 27. Qb8+ Bf8 28. Rxe6 fxe6 29. Qe8 Rf7 30. Qxe6 Nxc3 31. bxc3 Qb1+ 0-1